00403nam a2200169Ia 4500003000400000005001700004008004100021020001500062040000700077041000800084082001700092100002300109245003200132260004000164300001600204365001300220OSt20230417110306.0210423s2007 xx 000 0 und d a8130906635 cAL aeng a809.935 BLOH aBLOOM (Harold),Ed. aGeorge Eliots silas marner. aNew DelhibViva Books Pvt Ltdc2007 avii,197bPB b125cINR